LEADER 01543nam 2200373Ia 450 001 996384004403316 005 20200824132618.0 035 $a(CKB)1000000000594368 035 $a(EEBO)2240871140 035 $a(OCoLC)ocm13693022e 035 $a(OCoLC)13693022 035 $a(EXLCZ)991000000000594368 100 $a19860605d1655 uy | 101 0 $aeng 135 $aurbn||||a|bb| 200 14$aThe saints transfiguration, or, The body of vilenesse changed into a body of glory$b[electronic resource] $ea sermon preached at Martins Ludgate, October 19, 1654, at the funerall of that reverend and faithfull minister of Jesus Christ, Dr. Samuel Bolton, late master of Christs College in Cambridg : with a short account of his death /$fby Edmund Calamy ... ; to which are annexed verses upon his death, composed by divers of his friends and acquaintance 210 $aLondon $cPrinted for Joseph Cranford ...$d1655 215 $a[6], 35 p 300 $aReproduction of original in the University of Illinois (Urbana-Champaign Campus). Library. 330 $aeebo-0167 606 $aFuneral sermons 606 $aSermons, English$y17th century 615 0$aFuneral sermons. 615 0$aSermons, English 700 $aCalamy$b Edmund$f1600-1666.$01002065 801 0$bEAA 801 1$bEAA 801 2$bm/c 801 2$bEAA 801 2$bWaOLN 906 $aBOOK 912 $a996384004403316 996 $aThe saints transfiguration, or, The body of vilenesse changed into a body of glory$92354315 997 $aUNISA LEADER 02288oas 2200733 a 450 001 9910140592103321 005 20260127110645.0 035 $a(OCoLC)653458008 035 $a(CONSER) 2010267099 035 $a(CKB)2670000000019634 035 $a(DE-599)ZDB2673114-9 035 $a(MiAaPQ)2035671 035 $a(DE-599)2673114-9 035 $a(EXLCZ)992670000000019634 100 $a20100803a20099999 uy 101 0 $aeng 135 $aur||||||||||| 181 $ctxt$2rdacontent 182 $cc$2rdamedia 183 $acr$2rdacarrier 200 00$aCES working papers 210 $aIas?i, Romania $cCentre for European Studies, Alexandru Ioan Cuza University of Ias?i 300 $aRefereed/Peer-reviewed 311 08$a2067-7693 517 3 $aCentre for European Studies working papers 517 3 $aCentre for European Studies working papers series 517 3 $aWorking papers 517 3 $aWorking papers series 517 3 $aCES WP 606 $aRegionalism$zEuropean Union countries$vPeriodicals 606 $aGlobalization$zEuropean Union countries$vPeriodicals 606 $aEconomic policy$2fast$3(OCoLC)fst00902025 606 $aGlobalization$2fast$3(OCoLC)fst00943532 606 $aInternational economic integration$2fast$3(OCoLC)fst00976879 606 $aRegionalism$2fast$3(OCoLC)fst01093204 607 $aEuropean Union countries$xEconomic integration$vPeriodicals 607 $aEuropean Union countries$xEconomic policy$vPeriodicals 607 $aEuropean Union countries$vPeriodicals 607 $aEuropean Union countries$2fast 608 $aPeriodicals.$2fast 615 0$aRegionalism 615 0$aGlobalization 615 7$aEconomic policy. 615 7$aGlobalization. 615 7$aInternational economic integration. 615 7$aRegionalism. 712 02$aUniversitatea "Al. I. Cuza" din Ias?i.$bCentrul de Studii Europene. 801 0$bSHS 801 1$bSHS 801 2$bDOS 801 2$bOCLCA 801 2$bOCLCQ 801 2$bCUS 801 2$bOCLCQ 801 2$bOCLCF 801 2$bOCLCO 801 2$bOCLCQ 801 2$bOCL 801 2$bVT2 801 2$bOCLCQ 906 $aJOURNAL 912 $a9910140592103321 996 $aCES working papers$91940047 997 $aUNINA